[Event "Bamberg op-B 5th"]
[Site "Bamberg"]
[Date "2023.07.30"]
[Round "7"]
[White "Buettner, Anton"]
[Black "Koehler, Michael"]
[Result "1-0"]
[WhiteElo "1424"]
[BlackElo "1653"]
[PlyCount "123"]
[EventDate "2023.07.26"]
[EventType "swiss"]
[EventRounds "7"]
[EventCountry "GER"]
[SourceTitle "CBM 215 Extra"]
[Source "ChessBase"]
[SourceDate "2023.09.30"]
[SourceVersion "1"]
[SourceVersionDate "2023.09.30"]
[SourceQuality "1"]

1. e4 e6 2. d4 d5 3. e5 c5 4. c3 Nc6 5. Be3 cxd4 6. cxd4 Qb6 7. Qd2 Nge7 8. Nc3 Nf5 9. Nf3 Bd7 10. Bb5 Be7 11. 0-0 0-0 12. Bxc6 Bxc6 13. a3 Nxe3 14. fxe3 f6 15. h3 fxe5 16. Nxe5 Bd6 17. Nf3 Rf6 18. Ng5 Rg6 19. Nf7 Be7 20. Ne5 Rf6 21. Ng4 Rxf1+ 22. Rxf1 Qc7 23. Ne5 Rf8 24. Rxf8+ Bxf8 25. Qf2 Bd6 26. Nf3 Bg3 27. Qc2 Qe7 28. Ne2 Bd6 29. Nc1 Be8 30. Nd3 Bg6 31. Qc3 Bxd3 32. Qxd3 Bg3 33. Ne5 Qc7 34. Qd2 Bxe5 35. dxe5 Qxe5 36. Qc1 h6 37. Qc8+ Kh7 38. Qc1 Qe4 39. Qc3 e5 40. Kf2 d4 41. exd4 exd4 42. Qd2 d3 43. Qe3 Qc4 44. Qd2 Qd4+ 45. Kf3 b5 46. Qc3 Qxc3 47. bxc3 Kg6 48. Ke3 Kf5 49. Kxd3 Kf4 50. Kd4 Kg3 51. Kc5 Kxg2 52. Kxb5 Kxh3 53. c4 g5 54. c5 g4 55. c6 g3 56. c7 g2 57. c8Q+ Kh2 58. Qc7+ Kh3 59. Qd7+ Kh2 60. Qd6+ Kg1 61. Qxh6 Kf1 62. Qf4+ 1-0

[Event "Schweinfurt op 29th"]
[Site "Schweinfurt"]
[Date "2019.06.22"]
[Round "4"]
[White "Roess, Jonas"]
[Black "Koehler, Michael"]
[Result "1/2-1/2"]
[WhiteElo "1478"]
[BlackElo "1625"]
[PlyCount "165"]
[EventDate "2019.06.20"]
[EventType "swiss"]
[EventRounds "7"]
[EventCountry "GER"]
[SourceTitle "CBM 191 Extra"]
[Source "ChessBase"]
[SourceDate "2019.09.30"]
[SourceVersion "1"]
[SourceVersionDate "2019.09.30"]
[SourceQuality "1"]

1. e4 e6 2. d4 d5 3. e5 c5 4. c3 Nc6 5. Nf3 Qb6 6. Bd3 cxd4 7. cxd4 Bd7 8. Nc3 Nxd4 9. Nxd4 Qxd4 10. 0-0 Qxe5 11. Re1 Qd6 12. Nb5 Qb6 13. Be3 Qd8 14. Bf4 Bb4 15. Bd6 Bxd6 16. Nxd6+ Kf8 17. Qb3 Qb6 18. Qa3 Ne7 19. Nf5 Qd8 20. Nd6 Bc6 21. f4 Kg8 22. f5 Nxf5 23. Bxf5 exf5 24. Nxf5 h6 25. Qc3 Qf6 26. Qd3 g6 27. Ne7+ Kg7 28. Nxd5 Bxd5 29. Qxd5 Qb6+ 30. Kh1 Rad8 31. Qe5+ Kh7 32. Rf1 Rhf8 33. Rf6 Qd4 34. Qxd4 Rxd4 35. h3 Kg7 36. Rf2 Rfd8 37. Raf1 R8d7 38. Rf3 Rd2 39. Rb3 Re2 40. a3 b6 41. Rc1 Rdd2 42. Rc7 Rxg2 43. Rxa7 Rge2 44. Rg3 Rxb2 45. Rb7 Re1+ 46. Rg1 Rxg1+ 47. Kxg1 Rb3 48. Kg2 Rxa3 49. Rxb6 Re3 50. h4 Re6 51. Rb1 Re7 52. Rf1 f5 53. h5 Rf7 54. hxg6 Kxg6 55. Rg1 Rg7 56. Kf3+ Kf6 57. Rh1 Rh7 58. Kf4 h5 59. Rc1 Re7 60. Rh1 Re4+ 61. Kf3 Kg5 62. Rg1+ Rg4 63. Rh1 h4 64. Ra1 Rg3+ 65. Kf2 f4 66. Ra8 Kg4 67. Rg8+ Kh3 68. Rf8 Kg4 69. Rg8+ Kh3 70. Rf8 f3 71. Rf7 Kh2 72. Rh7 h3 73. Rh8 Rg2+ 74. Kxf3 Rg3+ 75. Kf2 Rg2+ 76. Kf3 Ra2 77. Rg8 Ra3+ 78. Kf2 Ra2+ 79. Kf3 Kh1 80. Rh8 h2 81. Rg8 Ra1 82. Kf2 Rg1 83. Rh8 1/2-1/2

[Event "Unterfranken-ch69 HT"]
[Site "Schweinfurt"]
[Date "2018.04.03"]
[Round "3"]
[White "Volkamer, Klaus"]
[Black "Koehler, Michael"]
[Result "1/2-1/2"]
[WhiteElo "1883"]
[BlackElo "1608"]
[PlyCount "54"]
[EventDate "2018.04.02"]
[EventType "swiss"]
[EventRounds "9"]
[EventCountry "GER"]
[SourceTitle "EXT 2019"]
[Source "ChessBase"]
[SourceDate "2018.10.10"]
[SourceVersion "1"]
[SourceVersionDate "2018.10.10"]
[SourceQuality "1"]

1. d4 d5 2. c4 e6 3. Nf3 Nf6 4. Bg5 Be7 5. Nc3 0-0 6. e3 h6 7. Bh4 b6 8. cxd5 exd5 9. Bd3 Bb7 10. 0-0 Nbd7 11. Rc1 c5 12. b3 Ne4 13. Bxe7 Qxe7 14. dxc5 Ndxc5 15. Be2 Rad8 16. Qd4 Ne6 17. Qd1 Qf6 18. Nb5 a6 19. Nbd4 Rc8 20. Nxe6 fxe6 21. Bd3 Rxc1 22. Qxc1 Rc8 23. Qa1 Qxa1 24. Rxa1 Nc5 25. Be2 Kf7 26. Kf1 Kf6 27. Ke1 g5 1/2-1/2

[Event "Mittelfrankenliga-B2a 0708"]
[Site "Mittelfranken"]
[Date "2008.02.17"]
[Round "6.7"]
[White "Zach, Andreas1111"]
[Black "Koehler, Michael"]
[Result "1-0"]
[WhiteElo "1853"]
[BlackElo "1800"]
[PlyCount "73"]
[EventDate "2007.10.14"]
[EventType "team-tourn"]
[EventRounds "9"]
[EventCountry "GER"]
[SourceTitle "EXT 2011"]
[Source "ChessBase"]
[SourceDate "2010.11.26"]
[SourceVersion "1"]
[SourceVersionDate "2010.11.26"]
[SourceQuality "1"]
[WhiteTeam "Lauf"]
[BlackTeam "Altensittenbach II"]
[WhiteTeamCountry "GER"]
[BlackTeamCountry "GER"]

1. d4 d5 2. Bg5 Nc6 3. c3 g6 4. Nd2 Bg7 5. e4 dxe4 6. Nxe4 Bf5 7. Ng3 Nf6 8. Nxf5 gxf5 9. Bd3 e6 10. Qe2 Qd7 11. Bxf5 0-0-0 12. Bh3 Qd5 13. Nf3 Kb8 14. 0-0 Rde8 15. Be3 Ne4 16. g3 f5 17. Bg2 e5 18. dxe5 Nxe5 19. Nxe5 Bxe5 20. Rfd1 Qf7 21. Qc2 Nd6 22. f4 Bg7 23. Qf2 b6 24. a4 Ne4 25. Bxe4 fxe4 26. a5 Qc4 27. axb6 axb6 28. Bxb6 Re6 29. Bd4 Bxd4 30. Rxd4 Qc6 31. Rb4+ Kc8 32. Qa7 Kd7 33. Qd4+ Qd6 34. Qxh8 Qc5+ 35. Rd4+ Rd6 36. Qxh7+ Kc6 37. Qxe4+ 1-0